Przystanki linii autobusowej 40 w Toruniu - Statystyki

Ogólne statystyki
  • Ten quiz został rozwiązany 50 razy
  • Średni wynik to 20 z 30
Statystyki odpowiedzi
Odpowiedź % Poprawnych
BIELAWY
89%
Port Drzewny
87%
Świętopełka
87%
Akademiki
82%
Dworzec Wschodni
82%
Kościuszki
82%
Od Nowa
82%
Szpital Bielany
82%
Aula UMK
79%
Manhattan
79%
św. Józefa
79%
Żwirki i Wigury
79%
Plac Skalskiego
76%
Rubinkowo Centrum
71%
Wschodnia
71%
Łukasiewicza
68%
Ślaskiego
68%
Okrężna
66%
Wyszyńskiego
63%
Przybyłów
61%
Szczanieckiego
61%
Szosa Bydgoska
58%
Wybickiego
58%
Ligi Polskiej
55%
Oczyszczalnia
53%
Popiela
53%
Starotoruńska
47%
Donimirskiego
42%
Witosa
42%
Centrum Handlowe-Zachód
29%
Nie znaleziono quizów pasujących do podanych kryteriów
Rozkład punktacji
Procent ludzi z każdym wynikiem
Percentyl według liczby udzielonych odpowiedzi
Twoja historia wyników
Nie rozwiązałeś tego quizu